000 00379nam a2200145Ia 4500
005 20250429094733.0
008 240331s9999 xx 000 0 und d
082 _a291.5
_bMAN
100 _aManikkavasagar, S
245 0 _aThiruvasakam
260 _aChennai
_bKanthalaagam
_c1992
300 _a225 p .,
500 _aThiruvaasagam mulamum pala aracichium agaraathikalum
942 _cL
999 _c961
_d961